| 000 | 00587nam a22001577a 4500 | ||
|---|---|---|---|
| 999 |
_c534975 _d534975 |
||
| 020 | _qHard Cover. | ||
| 082 | _a624.1 | ||
| 100 | _aFarooq, Tariq | ||
| 245 |
_aAssessment and allocation of risk factors associated with public private partnership constructional projects in Pakistan / _cTariq Farooq. |
||
| 260 |
_aIslamabad: _bSCEE NUST, _c2012. |
||
| 300 |
_a115 p. : _bill. ; _c30cm. |
||
| 942 |
_2ddc _cTHE |
||
| 650 |
_aConstruction Engineering and Management MS-Thesis. _917023 |
||
| 700 |
_aDr. Rafiq Muhammad Choudhry _919815 |
||